000 00866nam a2200169Ia 4500
005 20250423101321.0
008 250422s9999 xx 000 0 und d
020 _a9780631211259
050 _aPS 531 .L58/
245 4 _aThe literatures of colonial America : an anthology
260 _aMalden
260 _bBlackwell Publishers
260 _c2001
300 _a602 p
650 _aAmerican literature_Colonial period, ca. 1600-1775. Amerikan edebiyatı_Sömürge dönemi, 1600-1775 civarı. United States_History_Colonial period, ca. 1600-1775_Literary collections. United States_History_Colonial period, ca. 1600-1775_Sources. United States_Literatures_Translations into English. ABD_Tarih_Sömürge dönemi, 1600-1775 civarı_Edebi koleksiyonlar. ABD_Tarih_Sömürge dönemi, 1600-1775 civarı_Kaynaklar. ABD_Edebiyat_İngilizce'ye çeviriler.
942 _cBK
999 _c35949
_d35949